Law, business, and society / (Record no. 4638)

MARC details
000 -LEADER
fixed length control field 01665cam a22002294a 4500
020 ## - INTERNATIONAL STANDARD BOOK NUMBER
ISBN 9780073048109 (alk. paper)
020 ## - INTERNATIONAL STANDARD BOOK NUMBER
ISBN 0073048100 (alk. paper)
050 00 - CALL NUMBER
Classification number KF1355
Item number .M28
100 1# - AUTHOR
Personal name McAdams, Tony.
245 10 - TITLE
Title Law, business, and society /
Statement of responsibility, etc Tony McAdams, Nancy Neslund, Kristofer Neslund.
250 ## - EDITION
Edition statement 8th ed.
260 ## - PUBLICATION INFORMATION
Place of publication Boston, Mass. :
Name of publisher McGraw-Hill,
Year of publication c2007.
300 ## - DESCRIPTION
Number of Pages xxiii, 830 p. ;
Dimensions 24 cm.
500 ## - NOTES
General note Includes Index.
505 ## - FORMATTED CONTENTS NOTE
Table of Content Unit One--Business and Society 1. Capitalism and the Role of Government 2. Business Ethics 3. The Corporation and Public Policy: Expanding Responsibilities Unit Two--Introduction to Law 4. The American Legal System 5. Constitutional Law and the Bill of Rights 6. Contracts 7. Torts and Product Liability Unit Three--Trade Regulation and Antitrust 8. Government Regulation of Business 9. Business Organizations and Securities Regulation 10. Antitrust Law--Monopolies and Mergers 11. Antitrust Law--Restraints of Trade Unit Four--Employer--Employee Relations 12. Employment Law I: Employee Rights 13. Employment Law II: Discrimination 14. Employment Law III: Labor--Management Relations Unit Five--Business and Selected Social Issues 15. Consumer Protection 16. Product Liability 17. Environmental Protection 18. Internet Law and Ethics Appendix A The Constitution of the United States of America Appendix B Uniform Commercial Code 2000 Official Text, Article 2 Glossary of Legal Terms Subject Index
650 #0 - SUBJECTS
Topical Term Business enterprises
General subdivision Law and legislation
650 #0 - SUBJECTS
Topical Term Trade regulation
650 #0 - SUBJECTS
Topical Term Business ethics
700 1# - OTHER AUTHORS
Personal name Neslund, Nancy.
700 1# - OTHER AUTHORS
Personal name Neslund, Kristofer.
942 ## - ADDED ENTRY ELEMENTS (KOHA)
Koha item type Books
Holdings
Withdrawn status Lost status Collection code Home library Current library Shelving location Date acquired Full call number Accession Number Koha item type
    Reference Methodist University Law Library Methodist University Law Library General Stacks   KF1355 .M28 18592 Reference
Copyright © 2026  MUG Library